000 00733nam a2200289Ia 4500
001 33153
005 20240114001636.0
007 ta
008 061211s1961 a g b000 u 465 u
040 _aCotton College,Assam
041 _a465
082 _a891.31
_bB 22 H
100 _aBana , .
245 0 _aThe Harsacharita of Bana /
_cBana.
_hTextual Documents
250 _a1st ed. /
260 _aLondon :
_bRoyal Asiatic Society ,
_c1961.
300 _a284p. :
_bill ;
653 _aSanskrit literature-Sanskrit
653 _aMS-Sanskrit
653 _aG-Sanskrit
700 _aCowell, E.B. .
700 _aThomas, F.W. .
942 _2ddc
_cBK
999 _c33135
_d33135